Aktualizácia prognózy makroekonomického vývoja v SR do roku 2008

Materiál prerokovala vláda v marci 2005. Aktualizácia prognóz potvrdila očakávania o pozitívnom smerovaní v hlavných oblastiach vývoja. Slovenská ekonomika rastie vysokým tempom na udržateľnom základe. Aktualizácia prognóz na rok 2005. Vývoj makroekonomického prostredia. Prognózy vybraných indikátor...

ver descrição completa

Na minha lista:
Detalhes bibliográficos
Formato: Capítulo de Livro
Idioma:eslovaco
Assuntos:
Tags: Adicionar Tag
Sem tags, seja o primeiro a adicionar uma tag!

MARC

LEADER 00000naa$a2200000$$$4500
001 0026958
005 20231106071305.5
041 0 |a slo 
044 |a SK 
245 1 0 |a Aktualizácia prognózy makroekonomického vývoja v SR do roku 2008 
520 |a Materiál prerokovala vláda v marci 2005. Aktualizácia prognóz potvrdila očakávania o pozitívnom smerovaní v hlavných oblastiach vývoja. Slovenská ekonomika rastie vysokým tempom na udržateľnom základe. Aktualizácia prognóz na rok 2005. Vývoj makroekonomického prostredia. Prognózy vybraných indikátorov vývoja ekonomiky SR. Pohľad nezávislých inštitúcií. 
610 2 0 |a Slovensko 
610 2 0 |a makroekonomika 
610 2 0 |a vývoj 
610 2 0 |a prognózy 
610 2 0 |a prognózy krátkodobé